| 000 | 00464nam a2200169Ia 4500 | ||
|---|---|---|---|
| 008 | 131103s9999 xx 000 0 und d | ||
| 040 | _aLoreto College | ||
| 041 | _aEnglish | ||
| 082 |
_a821.78/WAS _bLCLIB/15648 |
||
| 100 | _aWasserman, Earl R | ||
| 245 | 4 |
_aThe Finer Tone _cEarl R. Wasserman |
|
| 260 |
_aAmerica _bThe Johns Hopkins Press Baltimore _c1967 |
||
| 300 |
_a228p _c 19cm |
||
| 650 | _aEnglish poetry | ||
| 850 | _aLCLIB/821.78/WAS | ||
| 942 | _cBK | ||
| 999 |
_c24678 _d75157 |
||